| 000 | 01208cam a2200337 a 4500 | ||
|---|---|---|---|
| 003 | CHAP | ||
| 005 | 20220329142530.0 | ||
| 008 | 010913d2001 mx 00 spa d | ||
| 010 | _a84624 | ||
| 011 | _a85596 | ||
| 035 | _a96130 | ||
| 040 | _cCHAP | ||
| 100 | 0 | 0 |
_aCorreia, Jacinta Castelo Branco. _928245 |
| 245 | 0 | 0 |
_aComunicación y capacitación en empresas autogestionarias surgidas de laboratorios organizacionales _c/por Jacinta Castelo Branco Correia |
| 260 |
_aChapingo, Méx. : _bEl autor, _c2001 |
||
| 300 | _a421 h. | ||
| 500 | _aTesis (Doctora en Ciencias Agrarias) -- UACH. Departamento de Sociología Rural | ||
| 590 |
_aBATCH-UPD _b10 _c20130110 _lUCH01 _h0546 |
||
| 590 |
_aBATCH-UPD _b10 _c20130410 _lUCH01 _h0228 |
||
| 590 |
_aBATCH-UPD _b10 _c20130914 _lUCH01 _h0428 |
||
| 590 |
_aCONVERSION _b10 _c20130109 _lUCH01 _h1347 |
||
| 650 | 1 | 4 |
_aAutogestion. _98410 |
| 650 | 1 | 4 |
_aCapacitación. _918690 |
| 650 | 1 | 4 |
_aComunicación en agricultura. _926212 |
| 650 | 1 | 4 |
_aCooperativismo. _927786 |
| 901 | _aBK | ||
| 905 | _aLilia Sánchez G. | ||
| 942 | _cFOLL | ||
| 949 |
_aTesis _bBC _cTES _d33724000855110 _eTS2 _fc.2 _h38477 _i96130 _sb |
||
| 949 |
_aTesis _bBC _cTES _d961301 _eTS1 _h38476 _i96130 _sb |
||
| 999 |
_c84624 _d84624 |
||